书目信息 |
| 题名: |
消费经济学
|
|
| 作者: | 尹世杰 主编 | |
| 分册: | ||
| 出版信息: | 长沙 湖南出版社 1999.02 |
|
| 页数: | 244页 | |
| 开本: | 20cm | |
| 丛书名: | ||
| 单 册: | ||
| 中图分类: | F014.5 | |
| 科图分类: | ||
| 主题词: | 消费经济学 | |
| 电子资源: | ||
| ISBN: | 7-5438-1927-9 | |
| 000 | 00638nam0 2200217 450 | |
| 001 | 0136573792 | |
| 005 | 20051019111407.22 | |
| 010 | @a7-5438-1927-9@dCNY11.00 | |
| 100 | @a20051019d1999 km y0chiy0120 ea | |
| 101 | 0 | @achi |
| 102 | @aCN@b430000 | |
| 105 | @ay z 000yy | |
| 200 | 1 | @a消费经济学@Axiao fei jing ji xue@f尹世杰主编@Fyin shi jie zhu bian |
| 210 | @a长沙@c湖南出版社@d1999.02 | |
| 215 | @a244页@d20cm | |
| 330 | @a本书内容:消费与市场经济、消费需要、消费环境等十四章。 | |
| 606 | 0 | @a消费经济学 |
| 690 | @aF014.5@v4 | |
| 701 | 0 | @a尹世杰@Ayin shi jie@4主编 |
| 801 | 0 | @aCN@bQSSK@c20051019 |
| 905 | @a10447@dF014.5@eY599 | |
| 消费经济学/尹世杰主编.-长沙:湖南出版社,1999.02 |
| 244页;20cm |
| ISBN 7-5438-1927-9:CNY11.00 |
| 本书内容:消费与市场经济、消费需要、消费环境等十四章。 |
| ● |
| 相关链接 |
|
|
|
正题名:消费经济学
索取号:F014.5/Y599
 
预约/预借
| 序号 | 登录号 | 条形码 | 馆藏地/架位号 | 状态 | 备注 |
| 1 | 575020 | 205750203 | 社科二线422/422社科库 6排2列1层/ [索取号:F014.5/Y599] | 在馆 | |
| 2 | 575021 | 205750212 | 社科库409/409社科库 62排3列4层/ [索取号:F014.5/Y599] | 在馆 | |
| 3 | 575022 | 205750221 | 社科二线422/409社科库 62排3列4层/ [索取号:F014.5/Y599] | 在馆 |